| 000 | 00000nam##2200000za#4500 |
| 001 | 9.615647 |
| 003 | CaOODSP |
| 005 | 20200327140754 |
| 007 | ta |
| 008 | 150406|2001||||xxc||||| f|0| 0 eng|d |
| 022 | |a0706-6457 |
| 040 | |aCaOODSP|beng |
| 043 | |an-cn--- |
| 086 | 1 |aFs97-6/2354E |
| 110 | 1 |aCanada. |bDepartment of Fisheries and Oceans. |
| 245 | 10|aInverse analysis of the structure and dynamics of the whole Newfoundland-Labrador Shelf ecosystem / |cby Claude Savenkoff, Alain F. Vézina and Alida Bundy. |
| 260 | |aOttawa - Ontario : |bFisheries and Oceans Canada |c2001. |
| 300 | |aviii, 56p. : |bfigs., graphs, references, table ; |c28 cm. |
| 490 | 1 |aCanadian technical report of fisheries and aquatic sciences|x0706-6457|v2354 |
| 500 | |a"In the present study, we evaluate the potential of inverse methods to estimate a balanced flow network, if it exists, within the range of uncertainties in model parameters for the Newfoundland-Labrador Shelf for the 1985-1987 period. We also compare flow networks calculated by Ecopath (Bundy et al. 2000) and inverse methods for a common data set to determine how much impact the solution method has on the construction of flow networks."--Page 2. Prepared at Regional Science Branch, Department of Fisheries and Oceans, Bedford Institute of Oceanography, Dartmouth, Nova Scotia B2Y 4A2. |
| 520 | 3 |aIn the present study, we evaluate the potential of inverse methods to estimate a balanced flow network, if it exists, within the range of uncertainties in model parameters for the Newfoundland-Labrador Shelf for the 1985-1987 period. We also compare flow networks calculated by Ecopath (Bundy et al. 2000) and inverse methods for a common data set to determine how much impact the solution method has on the construction of flow networks.--Page 2 |
| 546 | |aRésumé en français |
| 563 | |aSoftcover |
| 590 | |a01-20|b2001-05-18 |
| 690 | 07|aEcosystems|2gcpds |
| 690 | 07|aBiomass|2gcpds |
| 690 | 07|aFish|2gcpds |
| 720 | 1 |aBundy, Alida |
| 720 | 1 |aSavenkoff, Claude |
| 720 | 1 |aVézina, Alain F. |
| 776 | 0#|tInverse analysis of the structure and dynamics of the whole Newfoundland-Labrador Shelf ecosystem / |w(CaOODSP)9.574041 |
| 830 | #0|aCanadian technical report of fisheries and aquatic sciences,|x0706-6457|v2354|w(CaOODSP)9.514691 |